000
00197 a2200097 4500
001
1749
100
_a
Moore, F.g.
245
_a
Management sourcebook
260
_a
_b
Harper
_c
090
_c
1285
_d
1285
942
_a
NUST-CAE
_c
M
_c
3169
999
_c
236822
_d
236822